Contract awards recede as sector remains volatile (Record no. 82878)

MARC details
000 -LEADER
fixed length control field 00825cab a22001935a 4500
001 - CONTROL NUMBER
control field L152007
008 - FIXED-LENGTH DATA ELEMENTS--GENERAL INFORMATION
fixed length control field 110121e20111125xxk 000 0 eng d
035 ## - SYSTEM CONTROL NUMBER
System control number (Sirsi) u152007
041 0# - LANGUAGE CODE
Language code of text/sound track or separate title eng
245 00 - TITLE STATEMENT
Title Contract awards recede as sector remains volatile
260 ## - PUBLICATION, DISTRIBUTION, ETC.
Date of publication, distribution, etc. 2011
490 ## - SERIES STATEMENT
Series statement Construction News
Volume/sequential designation (7199) 6 January 2011, 14-17(4)
520 ## - SUMMARY, ETC.
Summary, etc. Contracts overview, table of top 50 contractors and top 10 clients in November 2010; top 50 contractors, top 10 contractors in London, and top 10 contractors in the industrial sector over the past 12 months; projects forecast for Northern Ireland; tables of top 10 clients and top 10 contractors for Northern Ireland.
590 ## - LOCAL NOTE (RLIN)
Local note KA
651 #4 - SUBJECT ADDED ENTRY--GEOGRAPHIC NAME
Geographic name United Kingdom
Chronological subdivision
690 ## - LOCAL SUBJECT ADDED ENTRY--TOPICAL TERM (OCLC, RLIN)
Topical term or geographic name as entry element BUILT ENVIRONMENT-CONSTRUCTION MARKET
700 1# - ADDED ENTRY--PERSONAL NAME
Personal name Rubinsohn, Simon
942 ## - ADDED ENTRY ELEMENTS (KOHA)
Suppress in OPAC 0
Holdings
Withdrawn status Lost status Source of classification or shelving scheme Damaged status Not for loan Home library Current library Shelving location Date acquired Total Checkouts Full call number Barcode Date last seen Copy number Price effective from Koha item type
    Dewey Decimal Classification     London London Journal article 21/01/2011   L152007 152007-1001 06/08/2019 1 06/08/2019 Journal article